00337 2200145 4500001002100000005001500021035002000036245004700056100001200103300001100115260003100126082000800157084001400165990001200179INLIS00000000000202520250527085553 a0010-05250003171 aBerpikir Cepat Banjir Pekerjaan /cRos Jay0 aRos Jay a90 hlm ajakarta :bErlangga,c2005 a300 a300 ROS b a0713104